000 00256nam a2200085Ia 4500
245 0 _aThe sun, the moon and the blanket of night
100 _a HARTMANN, Wendy Pietermaritzburg, 2009
_976175
942 _cBK
008 210818s9999 xx 000 0 und d
999 _c452093
_d452092